000 00770nam a2200205 a 4500
005 20210223124741.0
008 021009s1983 mx r 000 0 spa d
020 _a9684960190
035 _aUPN01000120050
049 _aCG
050 4 _aF1488
_bC3.3
100 1 _aCabarrús P., Carlos Rafael
245 1 0 _aGénesis de una revolución :
_banálisis del surgimiento y desarrollo de la organización campesina en El Salvador /
_cCarlos Rafael Cabarrús P.
260 _aMéxico :
_bINAH, Centro de investigaciones y Estudios Superiores en Antropología Social,
_c1983.
300 _a411 p. :
_bil.
440 0 _aEdiciones de la Casa Chata ;
_v16
651 4 _aEL SALVADOR -
_xHISTORIA CONTEMPORANEA
_920306
650 4 _aCAMPESINOS -
_zEL SALVADOR
_95301
905 _aLibro
999 _c92400
_d92400